000 00681nam a2200289Ia 4500
005 20260324131733.0
008 008 260324s9999 xx 000 0 eng d
020 _a9780203963807
037 _aEBOOK
040 _aCRL
040 _beng
040 _cCRL
041 _2eng
041 _aeng
084 _qCRL
100 _aLynda Johnston
_91186632
245 0 _aQueering Tourism
245 0 _bParadoxical Performances of Gay Pride Parades
260 _bTaylor and Francis
260 _c2005
365 _a
365 _b230
856 _uhttp://www.taylorfrancis.com/books/9780203963807
942 _cEBOOK
999 _c1784085
_d1784085